LEADER 01298nam 2200433 a 450 001 9910450023503321 005 20210106202956.0 010 $a1-282-18373-7 010 $a9786612183720 010 $a1-84839-697-X 035 $a(CKB)1000000000001015 035 $a(OCoLC)70765623 035 $a(CaPaEBR)ebrary10005861 035 $a(MiAaPQ)EBC3386037 035 $a(EXLCZ)991000000000001015 100 $a20150424d2001 uy| 0 101 0 $aeng 135 $aur||||||||||| 200 10$aBollywood$b[electronic resource] 210 $aHarpenden, GBR $cPocket Essentials$d2001 210 $cPocket Essentials 215 $a1 online resource (96 p.) 225 1 $aThe essential library 311 $a1-903047-45-5 410 0$aNew York times essential library. 606 $aMotion picture industry$zIndia 606 $aMotion pictures$zIndia$xHistory and criticism 606 $aPERFORMING ARTS$2bisac 606 $aFilm & Video / General$2bisac 615 0$aMotion picture industry 615 0$aMotion pictures$xHistory and criticism. 615 7$aPERFORMING ARTS 615 7$aFilm & Video / General 700 $aBanker$b Ashok$01050373 801 2$bAzTeS 906 $aBOOK 912 $a9910450023503321 996 $aBollywood$92480089 997 $aUNINA LEADER 01102nam2 22002771i 450 001 UON00425954 005 20231205104847.295 100 $a20130604f1929 |0itac50 ba 101 $afre 102 $aFR 105 $a|||| 1|||| 200 1 $aˆ2: L'‰histoire de Pascal$fFortunat Strowski 210 $aParis$cPlon-Nourrit$d1929 215 $aIV, 419 p.$d19 cm. 461 1$1001UON00425952$12001 $aPascal et son temps$fpar Fortunat Strowski$1210 $aParis$cPlon-Nourrit$d1907$1215 $a3 v.$d19 cm.$v2 606 $aPascal Blaise$3UONC044921$2FI 620 $aFR$dParis$3UONL002984 676 $a844$cLetteratura francese. Saggi$v21 700 1$aSTROWSKI$bFortunat$3UONV191392$0181577 712 $aPlon-Nourrit et C. éditeurs$3UONV272416$4650 801 $aIT$bSOL$c20250523$gRICA 899 $aSIBA - SISTEMA BIBLIOTECARIO DI ATENEO$2UONSI 912 $aUON00425954 950 $aSIBA - SISTEMA BIBLIOTECARIO DI ATENEO$dSI III B PAS STR 2 $eSI MR 11959/2 5 2 $sBuono 996 $aHistoire de Pascal$91184856 997 $aUNIOR